[Event "Litomysl 2008"]
[Site "?"]
[Date "2008.12.27"]
[Round "2.14"]
[White "Sabol, Marian"]
[Black "Chlost, Marlena"]
[Result "1-0"]
[WhiteElo "2354"]
[BlackElo "2137"]
[PlyCount "79"]
[EventDate "2008.12.26"]

1. d4 d5 2. c4 e6 3. Nf3 Nf6 4. g3 Bb4+ 5. Bd2 Be7 6. Bg2 Ne4 7. O-O O-O 8. Nc3
Nxc3 9. bxc3 Nd7 10. cxd5 exd5 11. Qc2 Bf6 12. Bf4 Nb6 13. Be5 Nc4 14. Bxf6
Qxf6 15. e4 dxe4 16. Qxe4 c6 17. Qd3 Be6 18. Rfe1 Bd5 19. Ne5 Nxe5 20. Rxe5
Bxg2 21. Kxg2 Rfe8 22. Rae1 Rxe5 23. Rxe5 g6 24. Qe3 Qd6 25. h4 Rf8 26. a4 b6
27. Kh2 a5 28. h5 gxh5 29. Rxh5 f5 30. Qg5+ Qg6 31. Qh4 Kh8 32. Rh6 Qg8 33.
Rxc6 f4 34. gxf4 Qd5 35. Qh6 Qg8 36. Rg6 Qf7 37. Rxb6 Qf5 38. Rb5 Qc8 39. Rb7
Qf5 40. Qg7# 1-0

[Event "Litomysl 2008"]
[Site "?"]
[Date "2008.12.27"]
[Round "2.15"]
[White "Lercel, Michal"]
[Black "Stachowiak, Kamil"]
[Result "0-1"]
[WhiteElo "2172"]
[BlackElo "2351"]
[PlyCount "54"]
[EventDate "2008.12.26"]

1. e4 c5 2. Nf3 Nc6 3. Bb5 g6 4. O-O Bg7 5. Re1 e5 6. Bxc6 dxc6 7. d3 Nh6 8.
Nbd2 f6 9. Nc4 Be6 10. b3 O-O 11. Be3 b6 12. h3 Nf7 13. Bd2 Qc7 14. Bc3 Nh8 15.
a4 a5 16. Qc1 g5 17. Nfd2 Ng6 18. g4 Nf4 19. Kh2 h5 20. Ne3 hxg4 21. hxg4 Kf7
22. Ndf1 Rh8+ 23. Kg1 Rh4 24. Qd1 Rah8 25. Ng3 Qc8 26. Nef5 Bxf5 27. exf5 Rh1+
0-1

[Event "Litomysl 2008"]
[Site "?"]
[Date "2008.12.27"]
[Round "2.19"]
[White "Vavra, Pavel"]
[Black "Olsarova, Tereza"]
[Result "1-0"]
[WhiteElo "2299"]
[BlackElo "2108"]
[PlyCount "67"]
[EventDate "2008.12.26"]

1. d4 d5 2. Bg5 c6 3. c3 Bf5 4. Nd2 h6 5. Bh4 Nd7 6. e4 dxe4 7. Bc4 Qb6 8. Bb3
Ngf6 9. Ne2 e6 10. O-O Be7 11. Bc2 O-O 12. Qb1 c5 13. Nxe4 Nxe4 14. Bxe7 Nd2
15. Qc1 Nxf1 16. Bxf8 Bxc2 17. Bxg7 Qd6 18. Qxh6 Qxh2+ 19. Kxf1 Qxh6 20. Bxh6
Bd3 21. Ke1 Rc8 22. Rd1 Ba6 23. Ng3 cxd4 24. Rxd4 Nc5 25. Kd2 e5 26. Rd6 Ne6
27. Ne4 Kh7 28. Be3 b6 29. Rd5 Rd8 30. Rxd8 Nxd8 31. Nd6 Kg6 32. b4 Bf1 33. b5
Ne6 34. a4 1-0

[Event "Litomysl 2008"]
[Site "?"]
[Date "2008.12.27"]
[Round "2.25"]
[White "Sandor, Lukas"]
[Black "Biolek, Richard Jr"]
[Result "1/2-1/2"]
[WhiteElo "1869"]
[BlackElo "2406"]
[PlyCount "97"]
[EventDate "2008.12.26"]

1. e4 e5 2. Nf3 Nc6 3. Bc4 Nf6 4. d4 exd4 5. Ng5 d5 6. exd5 Qe7+ 7. Kf1 Ne5 8.
Qxd4 Nxc4 9. Qxc4 Qc5 10. Qxc5 Bxc5 11. Nc3 Bf5 12. Bf4 O-O 13. Bxc7 Bxc2 14.
Be5 Bd3+ 15. Kg1 Bxf2+ 16. Kxf2 Ng4+ 17. Kg3 Nxe5 18. Nf3 Nc4 19. b3 Nd6 20.
Rhd1 Bf5 21. Nd4 Bd7 22. Kf4 Rfe8 23. Re1 f6 24. Ne4 Rxe4+ 25. Rxe4 Nxe4 26.
Kxe4 Rc8 27. Rd1 Kf7 28. Rd2 g6 29. Kf4 Rc5 30. Ne2 Ke7 31. Ng3 Rc3 32. Re2+
Kf7 33. Rd2 h5 34. Ne2 Rc5 35. Ke4 Ke7 36. Kd4 Rc8 37. Nf4 Bf5 38. Rf2 h4 39.
h3 b6 40. Nh5 Kf7 41. Nf4 Rd8 42. Ne2 Re8 43. Nc3 Re1 44. Rf4 Kg7 45. Rf2 a6
46. Rf4 Rg1 47. Rf2 Re1 48. Rf4 Rg1 49. Rf2 1/2-1/2

[Event "Litomysl 2008"]
[Site "?"]
[Date "2008.12.27"]
[Round "2.26"]
[White "Cagara, Paulina"]
[Black "Bures, Jaroslav"]
[Result "0-1"]
[WhiteElo "2075"]
[BlackElo "2263"]
[PlyCount "82"]
[EventDate "2008.12.26"]

1. e4 c6 2. d4 d5 3. Nd2 dxe4 4. Nxe4 Bf5 5. Ng3 Bg6 6. N1e2 h6 7. Nf4 Bh7 8.
Bc4 Nf6 9. O-O e6 10. Re1 Be7 11. Bxe6 fxe6 12. Nxe6 Qd7 13. Nxg7+ Kf7 14. Ne6
Na6 15. c3 Nc7 16. Nf4 Bd6 17. Ngh5 Ncd5 18. Nxd5 cxd5 19. Nf4 Rae8 20. Be3 Be4
21. f3 Bf5 22. Nd3 Bxd3 23. Qxd3 Qc7 24. h3 Bh2+ 25. Kh1 Bg3 26. Rf1 Qc4 27.
Qd2 Re6 28. b3 Qa6 29. c4 Rhe8 30. Bxh6 Re2 31. Qg5 Rg8 32. Qf5 Qe6 33. Qxe6+
Kxe6 34. Rac1 Rg6 35. Bf8 Bf4 36. Rce1 Rgxg2 37. Rxe2+ Rxe2 38. cxd5+ Kxd5 39.
a4 Nh5 40. Rd1 Ng3+ 41. Kg1 Be3# 0-1

[Event "Litomysl 2008"]
[Site "?"]
[Date "2008.12.27"]
[Round "2.27"]
[White "Gruber, Michael"]
[Black "Trojan, Lubos"]
[Result "1-0"]
[WhiteElo "2113"]
[BlackElo "2084"]
[PlyCount "114"]
[EventDate "2008.12.26"]

1. e4 e6 2. d4 d5 3. Nd2 Nf6 4. e5 Nfd7 5. Bd3 c5 6. c3 Nc6 7. Ndf3 cxd4 8.
cxd4 Bb4+ 9. Bd2 Qe7 10. Ne2 Bxd2+ 11. Qxd2 Nb4 12. Bb1 Nb6 13. a3 Na6 14. Bd3
Bd7 15. Rc1 O-O 16. O-O Rfc8 17. Qa5 Nc7 18. b3 Ne8 19. Rxc8 Nxc8 20. Rc1 a6
21. a4 b6 22. Qd2 b5 23. a5 Na7 24. b4 Nc6 25. Rc5 f6 26. Bb1 g6 27. h4 Ng7 28.
Ng3 Nf5 29. Bxf5 exf5 30. exf6 Qxf6 31. Rxd5 Qe7 32. Ne5 Be8 33. Nxc6 Bxc6 34.
Rc5 Bb7 35. h5 Re8 36. Re5 Qf7 37. hxg6 hxg6 38. Rxe8+ Qxe8 39. Qe3 Qf7 40. Qe5
Bd5 41. Ne2 Bc4 42. Nf4 g5 43. Ne2 Kh7 44. Nc3 Kg6 45. Qd6+ Kh5 46. Qh2+ Kg6
47. Qd6+ Kh5 48. f3 g4 49. f4 g3 50. Qe5 Kg4 51. Nd1 Bd3 52. Ne3+ Kh5 53. d5
Qf8 54. d6 Qc8 55. Qb2 Qc6 56. Qh8+ Kg6 57. Qg8+ Kf6 1-0

[Event "Litomysl 2008"]
[Site "?"]
[Date "2008.12.28"]
[Round "3.2"]
[White "Heberla, Bartlomiej"]
[Black "Sabol, Marian"]
[Result "1/2-1/2"]
[WhiteElo "2485"]
[BlackElo "2354"]
[PlyCount "125"]
[EventDate "2008.12.26"]

1. e4 c6 2. d4 d5 3. Nc3 g6 4. h3 Bg7 5. Nf3 dxe4 6. Nxe4 Nd7 7. Bc4 Nb6 8. Bb3
Nf6 9. Nc5 O-O 10. O-O Qc7 11. Re1 e6 12. Bg5 Nbd7 13. Nd3 b6 14. Bf4 Qd8 15.
Bd6 Re8 16. Nde5 Nxe5 17. dxe5 Nd5 18. Qe2 Bb7 19. Rad1 Qc8 20. Ng5 h6 21. Ne4
c5 22. Ba4 Bc6 23. Bxc6 Qxc6 24. c4 Ne7 25. Qf3 Rac8 26. g4 Qa8 27. Qg2 Nc6 28.
f4 Nd4 29. Kh1 Red8 30. Be7 Rd7 31. Bh4 Kh8 32. Rd2 Rg8 33. Red1 a5 34. b3 Qf8
35. Bf6 Ra7 36. Bxg7+ Kxg7 37. Nf6 Rh8 38. Qe4 Qa8 39. Qxa8 Rhxa8 40. Kg2 Rc8
41. a4 Rh8 42. Rd3 Kf8 43. Kf2 Ke7 44. Ke3 Raa8 45. Ke4 Rad8 46. R1d2 Rc8 47.
Ke3 Rcd8 48. Kf2 Rc8 49. h4 h5 50. gxh5 gxh5 51. Rg3 Rcd8 52. Rgd3 Rc8 53. Rd1
Rcd8 54. Kf1 Rc8 55. Ke1 Rcd8 56. Kf2 Rc8 57. Rg1 Rcd8 58. Rg5 Nf5 59. Rxh5
Rxh5 60. Rxd8 Kxd8 61. Nxh5 Nxh4 62. Ng3 Ke7 63. Ke3 1/2-1/2

[Event "Litomysl 2008"]
[Site "?"]
[Date "2008.12.28"]
[Round "3.3"]
[White "Stachowiak, Kamil"]
[Black "Simacek, Pavel"]
[Result "0-1"]
[WhiteElo "2351"]
[BlackElo "2477"]
[PlyCount "102"]
[EventDate "2008.12.26"]

1. d4 Nf6 2. Nf3 c5 3. g3 cxd4 4. Nxd4 d5 5. Bg2 e5 6. Nb3 Nc6 7. O-O Be6 8.
Nc3 d4 9. Nb1 Bd5 10. c3 Bxg2 11. Kxg2 Qd5+ 12. Kg1 Rd8 13. cxd4 exd4 14. N1d2
Be7 15. Nf3 O-O 16. Qd3 Ne4 17. Nbd2 f5 18. Qc4 Bf6 19. Ne1 Ne5 20. Qxd5+ Rxd5
21. Ndf3 Nxf3+ 22. Nxf3 Rc8 23. Ne1 a5 24. f3 Nc5 25. Bd2 d3 26. exd3 Bxb2 27.
Rb1 Na4 28. Kg2 Re8 29. Nc2 Rxd3 30. Bxa5 Bc3 31. Bxc3 Nxc3 32. Rbe1 Rxe1 33.
Nxe1 Rd2+ 34. Rf2 Rxa2 35. Rxa2 Nxa2 36. Kf2 Kf7 37. Ke3 Ke6 38. Kd4 Nb4 39.
Kc5 Nd5 40. f4 Nf6 41. Nf3 Nd7+ 42. Kc4 Kd6 43. Nd4 g6 44. Nb5+ Kc6 45. Nd4+
Kd6 46. Nb5+ Kc6 47. Nd4+ Kb6 48. Ne6 Ka5 49. h3 b5+ 50. Kb3 Kb6 51. g4 Nc5+
0-1

[Event "Litomysl 2008"]
[Site "?"]
[Date "2008.12.28"]
[Round "3.4"]
[White "Petr, Martin"]
[Black "Andonov, Bogomil"]
[Result "1-0"]
[WhiteElo "2452"]
[BlackElo "2328"]
[PlyCount "131"]
[EventDate "2008.12.26"]

1. e4 c5 2. Nf3 a6 3. c3 e6 4. d4 d5 5. exd5 exd5 6. Qe2+ Qe7 7. dxc5 Qxe2+ 8.
Bxe2 Bxc5 9. Bg5 h6 10. Bh4 Ne7 11. Nbd2 Nf5 12. Nb3 Ba7 13. Rd1 Be6 14. Bg3
Nc6 15. O-O O-O 16. Rd2 Rfe8 17. Rfd1 Rac8 18. Kf1 d4 19. Nfxd4 Ncxd4 20. cxd4
Bxb3 21. axb3 Nxg3+ 22. hxg3 Bb8 23. Bf3 Re7 24. Rd3 Rd8 25. Rc3 Kf8 26. Rc4
Red7 27. Bg4 Rd6 28. d5 Rb6 29. Rd3 Bd6 30. Re3 Rb4 31. Ke2 Rxc4 32. bxc4 b6
33. Rf3 Ke7 34. Kd2 Bc5 35. Kc3 a5 36. Kb3 Rd6 37. Rf4 g6 38. Re4+ Kf8 39. Re2
f5 40. Bf3 h5 41. Ka4 Rd7 42. Kb5 Rd6 43. Ka6 Kf7 44. Kb7 Rd7+ 45. Kc6 Rd6+ 46.
Kc7 Rf6 47. Rd2 Ke7 48. Bd1 Bd6+ 49. Kb7 Kd8 50. Ba4 Bc5 51. Ka6 f4 52. Re2
fxg3 53. fxg3 Kc7 54. Bb5 Rf2 55. Re6 Rxg2 56. Rxg6 Rd2 57. Rc6+ Kd8 58. Kb7
Rd3 59. Rc7 Bf2 60. Rd7+ Ke8 61. d6 Bxg3 62. c5 Rb3 63. Re7+ Kf8 64. Re8+ Kg7
65. d7 Bh4 66. c6 1-0

[Event "Litomysl 2008"]
[Site "?"]
[Date "2008.12.28"]
[Round "3.5"]
[White "Kanovsky, David"]
[Black "Vavra, Pavel"]
[Result "0-1"]
[WhiteElo "2431"]
[BlackElo "2299"]
[PlyCount "64"]
[EventDate "2008.12.26"]

1. Nf3 Nf6 2. c4 c6 3. b3 g6 4. Bb2 Bg7 5. g3 d6 6. d4 Bg4 7. Bg2 O-O 8. h3
Bxf3 9. Bxf3 Nbd7 10. O-O Qc7 11. Nc3 Ne8 12. Qd2 f5 13. Rad1 Nef6 14. e4 e6
15. Rfe1 Rae8 16. Bg2 Nh5 17. d5 f4 18. dxc6 Ne5 19. Nb5 Qe7 20. Qxd6 fxg3 21.
f4 Nxc6 22. Qxe7 Rxe7 23. Ba3 Nxf4 24. Bxe7 Nxe7 25. Rd7 Nc6 26. e5 Nb4 27. Bf1
h5 28. Rxb7 Nbd3 29. Re3 Bxe5 30. Bxd3 Nxh3+ 31. Kh1 Rf2 32. Re2 g2# 0-1

[Event "Litomysl 2008"]
[Site "?"]
[Date "2008.12.28"]
[Round "3.6"]
[White "Chojnacki, Krzysztof"]
[Black "Jedlicka, Ales"]
[Result "1/2-1/2"]
[WhiteElo "2426"]
[BlackElo "2287"]
[PlyCount "65"]
[EventDate "2008.12.26"]

1. e4 c5 2. Nf3 d6 3. d4 cxd4 4. Nxd4 Nf6 5. Nc3 a6 6. Bc4 e6 7. Bb3 Nbd7 8. f4
Nc5 9. f5 Bd7 10. Qf3 b5 11. Bg5 Be7 12. e5 dxe5 13. Nc6 Bxc6 14. Qxc6+ Kf8 15.
fxe6 Rc8 16. Qf3 fxe6 17. O-O b4 18. Ne2 Nxb3 19. axb3 Qd5 20. Qh3 Rxc2 21. Ng3
h6 22. Rad1 Qc6 23. Rde1 Kf7 24. Ne4 Rf8 25. Qh5+ Kg8 26. Bxf6 Bxf6 27. Rxf6
gxf6 28. Qg6+ Kh8 29. Qxh6+ Kg8 30. Qg6+ Kh8 31. Qh6+ Kg8 32. Qg6+ Kh8 33. Qh6+
1/2-1/2

[Event "Litomysl 2008"]
[Site "?"]
[Date "2008.12.28"]
[Round "3.10"]
[White "Svoboda, Vaclav"]
[Black "Zeberski, Jakub"]
[Result "1/2-1/2"]
[WhiteElo "2277"]
[BlackElo "2398"]
[PlyCount "40"]
[EventDate "2008.12.26"]

1. e4 c5 2. Nf3 e6 3. d4 cxd4 4. Nxd4 a6 5. Bd3 Bc5 6. Nb3 Ba7 7. Qe2 Nc6 8.
Be3 d6 9. c4 Nf6 10. Nc3 O-O 11. O-O Bxe3 12. Qxe3 e5 13. Rfd1 Be6 14. Rab1 a5
15. a4 b6 16. Be2 Qb8 17. Nb5 Rd8 18. Rd2 Na7 19. Nc3 Nc6 20. Nb5 Na7 1/2-1/2

[Event "Litomysl 2008"]
[Site "?"]
[Date "2008.12.28"]
[Round "3.11"]
[White "Vrana, Jan"]
[Black "Manik, Mikulas"]
[Result "1/2-1/2"]
[WhiteElo "2219"]
[BlackElo "2448"]
[PlyCount "71"]
[EventDate "2008.12.26"]

1. e4 e5 2. f4 exf4 3. Nf3 g5 4. h4 g4 5. Ne5 Nf6 6. d4 d6 7. Nd3 Nxe4 8. Bxf4
Bg7 9. c3 O-O 10. Be2 f5 11. Nd2 Qe8 12. O-O Nf6 13. Re1 Qf7 14. g3 Nh5 15. Bf1
Nc6 16. Bg2 Bd7 17. Nf1 Rae8 18. Qb3 Qxb3 19. axb3 Rxe1 20. Rxe1 Re8 21. Rxe8+
Bxe8 22. Ne3 Bd7 23. Nd5 Be6 24. Nxc7 Nxf4 25. Nxf4 Bxb3 26. Nb5 Bf8 27. Bxc6
bxc6 28. Nxa7 c5 29. Kf2 Kf7 30. Nb5 Bc4 31. Na3 Bb3 32. Nb1 Bg7 33. Ke3 Bh6
34. Nd2 c4 35. Nb1 d5 36. Na3 1/2-1/2

[Event "Litomysl 2008"]
[Site "?"]
[Date "2008.12.28"]
[Round "3.12"]
[White "Fuchs, Georg"]
[Black "Strebkovs, Andrejs"]
[Result "1/2-1/2"]
[WhiteElo "2210"]
[BlackElo "2441"]
[PlyCount "112"]
[EventDate "2008.12.26"]

1. e4 e6 2. d4 d5 3. Nd2 c5 4. dxc5 Bxc5 5. Nb3 Bb6 6. exd5 exd5 7. Nf3 Ne7 8.
Bg5 O-O 9. Bd3 f6 10. Bf4 Ng6 11. Bxg6 hxg6 12. O-O Nc6 13. Re1 Bf5 14. c3 Qd7
15. Nfd4 Rfe8 16. Be3 Bg4 17. f3 Be6 18. Nxe6 Rxe6 19. Bxb6 Rxe1+ 20. Qxe1 axb6
21. Qf2 Qc7 22. a3 Ne5 23. Rd1 Rd8 24. Nd4 Qc4 25. Qe3 Qa4 26. Re1 Qd7 27. b3
g5 28. a4 Qd6 29. g3 Qc5 30. Ne6 Qxe3+ 31. Rxe3 Rc8 32. Kg2 Nc6 33. f4 g4 34.
f5 Na5 35. Nd4 Kf7 36. Nb5 Rc6 37. b4 Nc4 38. Rd3 g6 39. Kf2 gxf5 40. Rxd5 Nb2
41. Rd7+ Kg6 42. a5 bxa5 43. bxa5 Ra6 44. Rxb7 Rxa5 45. Nd4 Nd1+ 46. Kf1 Nxc3
47. Ne6 Ra1+ 48. Kg2 Ra2+ 49. Kf1 Ra8 50. Rg7+ Kh6 51. Rf7 Ne4 52. Nf8 Ra1+ 53.
Kg2 Ra2+ 54. Kg1 Ra1+ 55. Kg2 Ra2+ 56. Kg1 Ra1+ 1/2-1/2

[Event "Litomysl 2008"]
[Site "?"]
[Date "2008.12.28"]
[Round "3.13"]
[White "Bures, Jaroslav"]
[Black "Popcev, Milko Jordanov"]
[Result "0-1"]
[WhiteElo "2263"]
[BlackElo "2426"]
[PlyCount "64"]
[EventDate "2008.12.26"]

1. e4 c5 2. Nf3 a6 3. Nc3 b5 4. d4 cxd4 5. Nxd4 Bb7 6. Bd3 Nc6 7. Nxc6 dxc6 8.
a4 e5 9. axb5 axb5 10. Rxa8 Qxa8 11. Qh5 Bd6 12. Qg5 g6 13. O-O h6 14. Qd2 Bc5
15. Kh1 Nf6 16. f4 Ng4 17. Qe2 h5 18. h3 Qd8 19. Bxb5 Qh4 20. Rf3 O-O 21. Bd3
Ra8 22. b4 Bd4 23. Bb2 exf4 24. Qd2 Be3 25. Qe2 Ne5 26. Rxe3 fxe3 27. Qxe3 Re8
28. Nb1 Ng4 29. Qe2 Nf2+ 30. Kg1 Nxe4 31. Nd2 Nd6 32. Qf3 c5 0-1

[Event "Litomysl 2008"]
[Site "?"]
[Date "2008.12.28"]
[Round "3.14"]
[White "Cernousek, Lukas"]
[Black "Gruber, Michael"]
[Result "1-0"]
[WhiteElo "2435"]
[BlackElo "2113"]
[PlyCount "99"]
[EventDate "2008.12.26"]

1. e4 c5 2. Nf3 d6 3. d4 cxd4 4. Nxd4 Nf6 5. Nc3 a6 6. h3 Nc6 7. g4 g6 8. g5
Nd7 9. Be3 Bg7 10. Qd2 Qa5 11. Nb3 Bxc3 12. Nxa5 Bxd2+ 13. Bxd2 Nxa5 14. Bxa5
h6 15. Bc3 Rh7 16. gxh6 Rxh6 17. O-O-O Nc5 18. Bg2 Be6 19. e5 O-O-O 20. exd6
Rxd6 21. Rxd6 exd6 22. Bd2 Rh5 23. Bf4 d5 24. h4 Rf5 25. Be3 Ne4 26. Rf1 Rh5
27. Bxe4 dxe4 28. Bg5 Rh8 29. Rd1 Re8 30. Rd4 Bd7 31. Kd2 Re6 32. Ke3 f6 33.
Bf4 Kd8 34. c4 f5 35. Rd5 Ke8 36. h5 gxh5 37. Rxf5 Bc6 38. Rxh5 Rg6 39. Kd4 Rg1
40. Bd6 Rb1 41. b4 Ra1 42. Rf5 Ba4 43. Kd5 Rxa2 44. b5 Bb3 45. Rf8+ Kd7 46.
Rf7+ Kc8 47. Rc7+ Kd8 48. b6 Rd2+ 49. Ke6 Rxf2 50. Be7+ 1-0

[Event "Litomysl 2008"]
[Site "?"]
[Date "2008.12.28"]
[Round "3.15"]
[White "Biolek, Richard Jr"]
[Black "Lorenc, Oldrich"]
[Result "1/2-1/2"]
[WhiteElo "2406"]
[BlackElo "2106"]
[PlyCount "42"]
[EventDate "2008.12.26"]

1. e4 g6 2. d4 Bg7 3. Nc3 d6 4. Be3 c6 5. Qd2 Qa5 6. g3 Nf6 7. h3 O-O 8. Bg2
Nbd7 9. Nge2 b5 10. a3 Bb7 11. O-O Qc7 12. Bh6 a6 13. Bxg7 Kxg7 14. f4 e5 15.
Rad1 Rad8 16. Kh2 Rfe8 17. f5 exd4 18. Qxd4 Ne5 19. Kh1 c5 20. Qf2 g5 21. Nc1
b4 1/2-1/2

[Event "Litomysl 2008"]
[Site "?"]
[Date "2008.12.28"]
[Round "3.16"]
[White "Czyz, Artur"]
[Black "Skliba, Martin"]
[Result "0-1"]
[WhiteElo "2085"]
[BlackElo "2318"]
[PlyCount "68"]
[EventDate "2008.12.26"]

1. e4 c5 2. Nf3 e6 3. d4 cxd4 4. Nxd4 a6 5. Bd3 Bc5 6. Nb3 Be7 7. Qg4 g6 8. Qe2
d6 9. Be3 Nd7 10. N1d2 Qc7 11. O-O b6 12. f4 Ngf6 13. Rae1 h5 14. h3 Bb7 15. f5
gxf5 16. exf5 e5 17. c3 Rg8 18. Rf2 h4 19. Nf3 Nh5 20. Qc2 O-O-O 21. c4 Ng3 22.
Nbd2 Qc6 23. b4 d5 24. cxd5 Qxc2 25. Bxc2 Bxd5 26. a3 Kb7 27. Bb3 Bxb3 28. Nxb3
e4 29. Nfd4 Ne5 30. Rc2 Bg5 31. Bxg5 Rxg5 32. Rec1 Rd7 33. Re1 Nxf5 34. Rxe4
Nxd4 0-1

[Event "Litomysl 2008"]
[Site "?"]
[Date "2008.12.28"]
[Round "3.17"]
[White "Zakharchenko, Arnold"]
[Black "Kratochvil, Josef"]
[Result "1/2-1/2"]
[WhiteElo "2288"]
[BlackElo "2071"]
[PlyCount "70"]
[EventDate "2008.12.26"]

1. d4 Nf6 2. c4 c5 3. d5 e6 4. Nc3 exd5 5. cxd5 d6 6. e4 g6 7. Bd3 Bg7 8. h3
O-O 9. Nf3 a6 10. a4 Nbd7 11. O-O Qe7 12. Re1 Ne8 13. a5 f6 14. Na4 Ne5 15.
Nxe5 fxe5 16. Nb6 Rb8 17. Be3 Nf6 18. Kh2 Nh5 19. Be2 Nf4 20. Bg4 Bxg4 21. Qxg4
h5 22. Qd1 h4 23. Qg4 Rbd8 24. Rad1 Kh7 25. Nc4 Bh6 26. Kg1 Nh5 27. Qe6 Qc7 28.
Rd3 Bxe3 29. Rdxe3 Rf4 30. Rf3 Ng7 31. Rxf4 Nxe6 32. Rxh4+ Kg7 33. dxe6 Qe7 34.
Rg4 Qxe6 35. b3 Kf7 1/2-1/2

[Event "Litomysl 2008"]
[Site "?"]
[Date "2008.12.28"]
[Round "3.18"]
[White "Ruzicka, Milan"]
[Black "Bujnoch, Radek"]
[Result "0-1"]
[WhiteElo "2074"]
[BlackElo "2233"]
[PlyCount "46"]
[EventDate "2008.12.26"]

1. d4 d5 2. Nf3 Nf6 3. Bf4 c5 4. e3 Nc6 5. c3 Qb6 6. Qb3 c4 7. Qxb6 axb6 8. Na3
e5 9. dxe5 Bxa3 10. bxa3 Ne4 11. Rb1 Rxa3 12. Nd4 Nxd4 13. cxd4 Rxa2 14. f3 Nf2
15. Rg1 Be6 16. Be2 Nd3+ 17. Bxd3 cxd3 18. e4 dxe4 19. Rxb6 O-O 20. Rxb7 Re2+
21. Kd1 Ra8 22. fxe4 g5 23. Bc1 Ra1 0-1

[Event "Litomysl 2008"]
[Site "?"]
[Date "2008.12.28"]
[Round "3.19"]
[White "Zvarik, Martin"]
[Black "Framberk, Jan"]
[Result "1-0"]
[WhiteElo "2228"]
[BlackElo "2042"]
[PlyCount "45"]
[EventDate "2008.12.26"]

1. e4 c5 2. f4 Nc6 3. Nf3 g6 4. g3 Bg7 5. Bg2 d6 6. O-O e6 7. c3 Nge7 8. d3 O-O
9. Be3 Rb8 10. Nbd2 b5 11. d4 b4 12. dxc5 bxc3 13. bxc3 dxc5 14. e5 Ba6 15. Re1
c4 16. Bc5 Rb2 17. Qa4 Bb5 18. Qa3 Rc2 19. Ne4 Nf5 20. Red1 Qc7 21. Bxf8 Bxf8
22. Nf6+ Kh8 23. Qxf8# 1-0

[Event "Litomysl 2008"]
[Site "?"]
[Date "2008.12.28"]
[Round "3.20"]
[White "Janocko, Petr"]
[Black "Volodin, Viktor"]
[Result "1/2-1/2"]
[WhiteElo "2047"]
[BlackElo "2225"]
[PlyCount "119"]
[EventDate "2008.12.26"]

1. d4 d5 2. c4 e6 3. Nc3 c6 4. Nf3 Nf6 5. Bg5 h6 6. Bxf6 Qxf6 7. e3 Nd7 8. Bd3
Qd8 9. O-O Be7 10. e4 dxc4 11. Bxc4 b5 12. Bd3 Bb7 13. e5 Qb6 14. Ne4 c5 15.
dxc5 Nxc5 16. Nxc5 Bxc5 17. Qe2 a6 18. Be4 Bxe4 19. Qxe4 O-O 20. b4 Be7 21.
Rfd1 Rad8 22. h3 Rxd1+ 23. Rxd1 Rd8 24. Rc1 g6 25. a3 Kg7 26. Qc6 Qa7 27. Qe4
Rd5 28. g3 a5 29. h4 axb4 30. axb4 Qa4 31. Rb1 Rd1+ 32. Rxd1 Qxd1+ 33. Kg2 Qb3
34. Qf4 Qxb4 35. Qxb4 Bxb4 36. Nd4 Bc3 37. Nxb5 Bxe5 38. Na3 h5 39. Nc4 Bd4 40.
Nd2 Kf6 41. Kf3 Ke5 42. Ne4 f6 43. Nd2 Ba1 44. Nc4+ Kd5 45. Ne3+ Kc5 46. Ng2
Be5 47. Ke4 Bb8 48. Ne3 f5+ 49. Kf3 Bd6 50. Nc2 Kc4 51. Ke3 Kc3 52. Ne1 Bc5+
53. Ke2 e5 54. Nf3 Bd6 55. Ng5 Be7 56. Nh3 Kd4 57. f4 Bd6 58. fxe5 Bxe5 59. Kf3
Kd3 60. Ng5 1/2-1/2

[Event "Litomysl 2008"]
[Site "?"]
[Date "2008.12.28"]
[Round "3.21"]
[White "Blazkova, Petra"]
[Black "Zeman, Arnost"]
[Result "1-0"]
[WhiteElo "2224"]
[BlackElo "2030"]
[PlyCount "47"]
[EventDate "2008.12.26"]

1. e4 c5 2. Nf3 e6 3. d4 cxd4 4. Nxd4 Nf6 5. Bd3 a6 6. O-O Qc7 7. Nc3 b5 8. f4
Bc5 9. Nce2 Nc6 10. c3 Qa7 11. Kh1 Nxd4 12. cxd4 Bb6 13. a4 b4 14. a5 Bxd4 15.
Nxd4 Qxd4 16. Qe2 Qc5 17. Be3 Qe7 18. Rac1 d6 19. e5 Nd5 20. exd6 Qxd6 21. Bc5
Qd8 22. Be4 g6 23. Bxd5 Qxd5 24. Rfd1 1-0

[Event "Litomysl 2008"]
[Site "?"]
[Date "2008.12.28"]
[Round "3.22"]
[White "Kranjec, Toni"]
[Black "Blecha, Miroslav"]
[Result "0-1"]
[WhiteElo "2040"]
[BlackElo "2219"]
[PlyCount "48"]
[EventDate "2008.12.26"]

1. e4 c5 2. Nf3 d6 3. d4 cxd4 4. Nxd4 Nf6 5. Nc3 Nc6 6. f3 e5 7. Nb3 Be7 8. Be3
O-O 9. Qd2 a5 10. a4 Be6 11. Nd5 Bxd5 12. exd5 Nb4 13. c4 Nd7 14. Nc1 Nc5 15.
Bxc5 dxc5 16. Nd3 Bg5 17. Qf2 Be3 18. Qe2 Qh4+ 19. g3 Qxc4 20. Nxb4 Qxb4+ 21.
Kd1 Qb3+ 22. Ke1 Bd4 23. Qd3 Qxb2 24. Rb1 Qa2 0-1

[Event "Litomysl 2008"]
[Site "?"]
[Date "2008.12.28"]
[Round "3.23"]
[White "Krokay, Urszula"]
[Black "Krondraf, Karel"]
[Result "1/2-1/2"]
[WhiteElo "2024"]
[BlackElo "2214"]
[PlyCount "83"]
[EventDate "2008.12.26"]

1. e4 c5 2. Nf3 e6 3. b3 a6 4. Bb2 Nc6 5. d4 cxd4 6. Nxd4 Qf6 7. Be2 Bc5 8. c3
Nge7 9. O-O O-O 10. Qd2 Rd8 11. Nxc6 Nxc6 12. b4 Ba7 13. c4 Bd4 14. Bxd4 Qxd4
15. Qxd4 Nxd4 16. Nc3 b6 17. Rfd1 Nxe2+ 18. Nxe2 Bb7 19. e5 Rac8 20. Rac1 Kf8
21. Rd6 Rc6 22. Nd4 Rxd6 23. exd6 Rc8 24. Nb3 f6 25. a4 e5 26. c5 b5 27. axb5
axb5 28. Na5 Ba8 29. f3 Kf7 30. Kf2 Ke6 31. Rd1 Bd5 32. g3 g5 33. Rd3 h5 34.
Ke3 f5 35. Nb3 Bxb3 36. Rxb3 Kd5 37. Kd3 Ra8 38. Kc2 Ra2+ 39. Rb2 Rxb2+ 40.
Kxb2 f4 41. gxf4 exf4 42. h3 1/2-1/2

[Event "Litomysl 2008"]
[Site "?"]
[Date "2008.12.28"]
[Round "3.34"]
[White "Olsarova, Tereza"]
[Black "Sandor, Lukas"]
[Result "1-0"]
[WhiteElo "2108"]
[BlackElo "1869"]
[PlyCount "63"]
[EventDate "2008.12.26"]

1. e4 e5 2. Nf3 Nf6 3. Nxe5 d6 4. Nf3 Nxe4 5. d4 d5 6. Bd3 Be7 7. Nbd2 Nxd2 8.
Bxd2 Bg4 9. c3 c6 10. Qb3 Qb6 11. Ne5 Qxb3 12. axb3 Bh5 13. Bf5 f6 14. Bc8 a5
15. Bxb7 Ra7 16. Bxc6+ Kd8 17. Bxd5 fxe5 18. dxe5 Nd7 19. Be3 Bc5 20. Bxc5 Nxc5
21. O-O Nd3 22. b4 Be2 23. Rfb1 Nf4 24. Be4 Re8 25. f3 Rxe5 26. Kf2 Bc4 27.
Rd1+ Kc7 28. Rd4 Bg8 29. c4 a4 30. Rad1 Re7 31. b5 a3 32. c5 1-0

[Event "Litomysl 2008"]
[Site "?"]
[Date "2008.12.28"]
[Round "4.1"]
[White "Simacek, Pavel"]
[Black "Bronowicki, Mateusz"]
[Result "1-0"]
[WhiteElo "2477"]
[BlackElo "2366"]
[PlyCount "73"]
[EventDate "2008.12.26"]

1. e4 e6 2. d4 d5 3. Nd2 c5 4. Ngf3 cxd4 5. exd5 Qxd5 6. Bc4 Qd6 7. O-O Nc6 8.
Nb3 a6 9. Nbxd4 Nxd4 10. Nxd4 Qc7 11. Bb3 Bd7 12. Bg5 Bd6 13. Qh5 g6 14. Qh4 h6
15. h3 Be5 16. Be3 g5 17. Qh5 Nf6 18. Qe2 Rg8 19. Rad1 O-O-O 20. Rd3 Kb8 21.
Rfd1 Bc8 22. c4 g4 23. h4 g3 24. f3 Nh5 25. Qd2 Rdf8 26. Ba4 Nf4 27. Rb3 Ka8
28. Nc6 f6 29. Bb6 Qf7 30. Qa5 Qh5 31. Bc7 Bd4+ 32. Nxd4 Qxa5 33. Bxa5 e5 34.
Nc2 Be6 35. Ne3 Ne2+ 36. Kf1 Nd4 37. Rb6 1-0

[Event "Litomysl 2008"]
[Site "?"]
[Date "2008.12.28"]
[Round "4.2"]
[White "Swicarz, Maciej"]
[Black "Petr, Martin"]
[Result "1-0"]
[WhiteElo "2303"]
[BlackElo "2452"]
[PlyCount "67"]
[EventDate "2008.12.26"]

1. d4 Nf6 2. Nf3 g6 3. Bg5 Bg7 4. Nbd2 d5 5. e3 O-O 6. Bd3 c5 7. c3 b6 8. Qe2
Nbd7 9. O-O Bb7 10. h3 Ne4 11. Bf4 e6 12. Bxe4 dxe4 13. Ng5 cxd4 14. exd4 e5
15. dxe5 Bxe5 16. Bxe5 Qxg5 17. Bd4 Rfe8 18. Rfe1 Nf8 19. Rad1 f5 20. Nf1 Ne6
21. Ng3 Rad8 22. Qb5 Qe7 23. Qa4 Nxd4 24. Rxd4 Rxd4 25. Qxd4 Rd8 26. Qa4 Qd7
27. Qxa7 Qc6 28. Qa3 e3 29. f3 Rd2 30. Rxe3 Rd1+ 31. Nf1 Qd7 32. Re7 Qc6 33.
Qb3+ Rd5 34. Rxb7 1-0